000 00276nam a2200085Ia 4500
245 0 _aGood Muslim, bad Muslim : America, the Cold War, and the roots of terror
100 _a MAMDANI, Mahmood New York, [c.2004]
942 _cBK
008 210817s9999 xx 000 0 und d
999 _c272351
_d272350